Southville International School and Colleges
Your cart is empty.
  • Cart
  • Lists
    Public lists Eva Luna New books Lux_list list_1
    Your lists Log in to create your own lists
  • Log in to your account
  • Your cookies
  • Search history
Southville International School and Colleges
  • Advanced search
  • Recent comments
  • Most popular
  • Libraries

Log in to your account

Log in with GOOGLE


If you do not have an external account, but do have a local account, you can still log in:

  1. Home
  2. MARC view: Simplified and procedural handbook on transfer and business taxation /
Normal view MARC view ISBD view

Simplified and procedural handbook on transfer and business taxation / (Record no. 335249)

[ view plain ]
MARC details
000 -LEADER
fixed length control field 00635nam a22001937a 4500
003 - CONTROL NUMBER IDENTIFIER
control field SISC
005 - DATE AND TIME OF LATEST TRANSACTION
control field 20170627102130.0
008 - FIXED-LENGTH DATA ELEMENTS--GENERAL INFORMATION
fixed length control field 170627b xxu||||| |||| 00| 0 eng d
020 ## - INTERNATIONAL STANDARD BOOK NUMBER
International Standard Book Number 9789719804185
050 ## - LIBRARY OF CONGRESS CALL NUMBER
Classification number KPM 2790
Item number .Ad38 2016
100 ## - MAIN ENTRY--PERSONAL NAME
Personal name Aduana, Nick L.
245 ## - TITLE STATEMENT
Title Simplified and procedural handbook on transfer and business taxation /
Statement of responsibility, etc Nick L. Aduana.
250 ## - EDITION STATEMENT
Edition statement 3rd edition.
260 ## - PUBLICATION, DISTRIBUTION, ETC. (IMPRINT)
Place of publication, distribution, etc Quezon City :
Name of publisher, distributor, etc C & E Publishing, Inc.,
Date of publication, distribution, etc 2016.
300 ## - PHYSICAL DESCRIPTION
Extent 759 pages ;
Dimensions 22 cm.
500 ## - GENERAL NOTE
General note Includes appendix and index.
650 ## - SUBJECT ADDED ENTRY--TOPICAL TERM
Topical term or geographic name as entry element Inheritance and transfer tax
General subdivision Law and legislation
Geographic subdivision Philippines.
942 ## - ADDED ENTRY ELEMENTS (KOHA)
Source of classification or shelving scheme Library of Congress Classification
Koha item type Books
Holdings
Withdrawn status Lost status Source of classification or shelving scheme Damaged status Home library Current library Shelving location Date acquired Source of acquisition Sub Shelving location Total Checkouts Total Renewals Full call number Barcode Date last seen Date checked out Price effective from Koha item type
    Library of Congress Classification   College Library College Library Filipiniana Section 06/27/2017 Library Fund   2 112 KPM 2790 .Ad38 2016 C20969 04/12/2019 11/13/2018 06/27/2017 Books

Simplified and procedural handbook on transfer and business taxation /

APA

Aduana N. L., . (2016). Simplified and procedural handbook on transfer and business taxation. Quezon City: C & E Publishing, Inc.

Chicago

Aduana Nick L, . 2016. Simplified and procedural handbook on transfer and business taxation. Quezon City: C & E Publishing, Inc.

Harvard

Aduana N. L., . (2016). Simplified and procedural handbook on transfer and business taxation. Quezon City: C & E Publishing, Inc.

MLA

Aduana Nick L, . Simplified and procedural handbook on transfer and business taxation. Quezon City: C & E Publishing, Inc. 2016.

  • Place hold
  • Print
  • Cite
  • Add to your cart (remove)
  • Save record
    BIBTEX Dublin Core MARCXML MARC (non-Unicode/MARC-8) MARC (Unicode/UTF-8) MARC (Unicode/UTF-8, Standard) MODS (XML) RIS
  • More searches
    Search for this title in:
    Other Libraries (WorldCat) Other Databases (Google Scholar) Online Stores (Bookfinder.com) Open Library (openlibrary.org)

Exporting to Dublin Core...

SOUTHVILLE LIBRARY

Southville International School and Colleges Library

1281 Tropical Ave. Cor. Luxembourg St., BF Homes International, Las Pinas City

Tel. No. 8256374 / 252358 Loc. 117/146

Powered by Koha